| 000 | 02173nam a2200469 i 4500 | ||
|---|---|---|---|
| 001 | ebr10781849 | ||
| 003 | CaPaEBR | ||
| 006 | m o d | ||
| 007 | cr cn||||||||| | ||
| 008 | 131107s2011 be a ob 000 0 eng d | ||
| 020 | _z9789054878612 | ||
| 040 |
_aCaPaEBR _beng _erda _epn _cCaPaEBR |
||
| 035 | _a(OCoLC)868969489 | ||
| 043 |
_aa-tu--- _ae------ |
||
| 050 | 1 | 4 |
_aHC240.25.T8 _bO53 2011eb |
| 082 | 0 | 4 |
_a362.1079 _223 |
| 245 | 0 | 0 |
_aOn the road to EU Membership : _bthe economic transformation of Turkey / _cSelen Sarisoy Guerin and Yannis A. Stivachtis, editors ; copy editor, Jacqueline Kay Cessou : cover design, Leefdaal Koloriet ; book design, Hulshout Crius Group. |
| 264 | 1 |
_aBrussel, Belgium : _bVUBPress, _c2011. |
|
| 264 | 4 | _c�2011 | |
| 300 |
_a1 online resource (295 pages) : _billustrations. |
||
| 336 |
_atext _2rdacontent |
||
| 337 |
_acomputer _2rdamedia |
||
| 338 |
_aonline resource _2rdacarrier |
||
| 490 | 0 |
_aInstitute for European Studies ; _vNumber 17 |
|
| 504 | _aIncludes bibliographical references. | ||
| 588 | _aDescription based on print version record. | ||
| 590 | _aElectronic reproduction. Palo Alto, Calif. : ebrary, 2013. Available via World Wide Web. Access may be limited to ebrary affiliated libraries. | ||
| 610 | 2 | 0 |
_aEuropean Union _zTurkey _xMembership. |
| 651 | 0 |
_aTurkey _xEconomic policy. |
|
| 651 | 0 |
_aTurkey _xForeign economic relations _zEuropean Union countries. |
|
| 651 | 0 |
_aEuropean Union countries _xForeign economic relations _zTurkey. |
|
| 651 | 0 |
_aTurkey _xEconomic conditions. |
|
| 655 | 0 | _aElectronic books. | |
| 700 | 1 | _aCrius Group, Hulshout. | |
| 700 | 1 | _aGuerin, Selen Sarisoy. | |
| 700 | 1 |
_aStivachtis, Yannis A., _d1965- |
|
| 700 | 1 | _aCessou, Jacqueline Kay. | |
| 700 | 1 | _aKoloriet, Leefdaal. | |
| 776 | 0 | 8 |
_iPrint version: _tOn the road to EU membership : the economic transformation of Turkey. _dBrussel, Belgium : VUBPress, c2011 _h295 pages _kInstitute for European Studies ; number 17 _z9789054878612 _w2012401239 |
| 797 | 2 | _aebrary. | |
| 856 | 4 | 0 |
_uhttp://site.ebrary.com/lib/rucke/Doc?id=10781849 _zAn electronic book accessible through the World Wide Web; click to view |
| 999 |
_c134821 _d134821 |
||